Income taxation made easy / (Record no. 182631)
[ view plain ]
| 000 -LEADER | |
|---|---|
| fixed length control field | 00510nam a2200169Ia 4500 |
| 008 - FIXED-LENGTH DATA ELEMENTS--GENERAL INFORMATION | |
| fixed length control field | 140711s9999 xx 000 0 und d |
| 020 ## - INTERNATIONAL STANDARD BOOK NUMBER | |
| International Standard Book Number | 9789710165155 |
| 050 ## - LIBRARY OF CONGRESS CALL NUMBER | |
| Classification number | KPM 2790 |
| Item number | .B188 2014 |
| 100 ## - MAIN ENTRY--PERSONAL NAME | |
| Personal name | Ballada, Win. |
| 245 ## - TITLE STATEMENT | |
| Title | Income taxation made easy / |
| Statement of responsibility, etc | Win Ballada, author ; Susan Ballada, co-author & editor |
| 250 ## - EDITION STATEMENT | |
| Edition statement | 14th ed. |
| 260 ## - PUBLICATION, DISTRIBUTION, ETC. (IMPRINT) | |
| Place of publication, distribution, etc | Manila, Philippines : |
| Name of publisher, distributor, etc | DomDane Publishers, |
| Date of publication, distribution, etc | c2014. |
| 300 ## - PHYSICAL DESCRIPTION | |
| Extent | 474 p. : |
| Other physical details | ill. ; |
| Dimensions | 26 cm. |
| 521 ## - TARGET AUDIENCE NOTE | |
| Target audience note | |
| 942 ## - ADDED ENTRY ELEMENTS (KOHA) | |
| Call number prefix | Local |
| Koha item type | Books |
| Withdrawn status | Lost status | Damaged status | Home library | Current library | Shelving location | Date acquired | Total Checkouts | Total Renewals | Full call number | Barcode | Date last seen | Date checked out | Price effective from | Koha item type |
|---|---|---|---|---|---|---|---|---|---|---|---|---|---|---|
| College Library | College Library | Reserve Section | 07/11/2014 | 3 | 23 | KPM 2790 .B188 2014 | C18554 | 11/13/2018 | 11/07/2018 | 07/11/2014 | Books |